Movies Quiz

Random Movies or Actor Quiz

Bradley Coopers Movies Quiz Stats

 Plays Quiz not verified by Sporcle

Challenge
Share
Tweet
Embed
Score 0/32 Timer 10:00
0 Plays Today
Year Movie % Correct
2009The Hangover
98.1%
2013American Hustle
89.7%
2012Silver Linings Playbook
86.9%
2013 The Hangover Part 3
86%
2011The Hangover Part 2
86%
2014 American Sniper
75.7%
2015Joy
74.8%
2011 Limitless
73.8%
2005Wedding Crashers
69.2%
2014Guardians of the Galaxy
59.8%
2010The A-Team
54.2%
2015 Burnt
53.3%
2001Wet Hot American Summer
43.9%
2015Aloha
43%
2014Serena
43%
2006Failure to Launch
42.1%
Year Movie % Correct
2009He's Just Not That Into You
36.4%
2012The Place Beyond the Pines
35.5%
2009All About Steve
35.5%
2012The Words
32.7%
2008 Yes Man
30.8%
2010Valentine's Day
29.9%
2008The Midnight Meat Train
26.2%
2009Case 39
21.5%
2008New York, I Love You
15%
2008 The Rocker
15%
2002My little Eye
15%
2012 Hit and Run
14%
2007The Comebacks
10.3%
2002 Bending All the Rules
10.3%
2003The Last Cowboy
9.3%
2008Older Than America
6.5%

You're not logged in!

Compare scores with friends on all Sporcle quizzes.
OR
Log In

You Might Also Like...

Show Comments

Extras

Top Quizzes Today


Score Distribution

Your Account Isn't Verified!

In order to create a playlist on Sporcle, you need to verify the email address you used during registration. Go to your Sporcle Settings to finish the process.

Report this User

Report this user for behavior that violates our Community Guidelines.

Details: